European Countries with 'V' Quiz Stats

 Plays Quiz Updated Aug 23, 2016

Challenge
Share
Tweet
Embed
Score 0/7 Timer 01:00
6 Plays Today
European 'V' Country % Correct
Vatican City
80.4%
Latvia
76.6%
Slovakia
72.8%
Slovenia
71.7%
Moldova
56.9%
Bosnia and Herzegovina
50.6%
Kosovo
47.4%

You're not logged in!

Compare scores with friends on all Sporcle quizzes.
OR
Log In

You Might Also Like...

Show Comments

Extras

Top Quizzes Today


Score Distribution

Your Account Isn't Verified!

In order to create a playlist on Sporcle, you need to verify the email address you used during registration. Go to your Sporcle Settings to finish the process.

Report this User

Report this user for behavior that violates our Community Guidelines.

Details: